Σχιζοφρένεια και οικογένεια

Αποθηκεύτηκε σε:
Λεπτομέρειες βιβλιογραφικής εγγραφής
Κύριος συγγραφέας: Bateson, Gregory
Μορφή: Βιβλίο
Γλώσσα:Greek
Δημοσίευση: Αθήνα : Γράμματα, 1978
Θέματα:
Ετικέτες: Προσθήκη ετικέτας
Δεν υπάρχουν, Καταχωρήστε ετικέτα πρώτοι!

MARC

LEADER 00000nam a2200000 i 4500
001 1/105148
008 950609s1978 gre d
035 |l 10013547 
040 |a GR-MY-UA  |b gre  |e aacr 
041 0 |a gre 
100 1 |a Bateson, Gregory. 
245 1 0 |a Σχιζοφρένεια και οικογένεια /  |c Gregory Bateson...[et al.] 
260 |a Αθήνα :   |b Γράμματα,   |c 1978 
300 |a 327 σ. 
650 0 0 |a Schizophrenia. 
650 0 0 |a Family  |x Mental health. 
650 0 0 |a Mentally ill  |x Family relationships. 
852 |a INST  |b LESVOS  |e 19950609  |h 616.898 ΣΧΙ  |p 005100005816  |q 005100005816  |t BK  |y 0 
909 |a Λ  |b 011193